000 01000nam a2200289 i 4500
001 27403
003 BD-RjUL
005 20211209051142.0
008 140325s1975 nyu b 000 0 engs
020 _a0275503607
_a0275851206
035 _a(BD-RjUL)27476
040 _aDLC
_cDLC
_dDLC
_dBD-RjUL
_beng
041 _aeng
082 0 0 _a973.9
_bDEC 1975
245 1 0 _aDecisions and revisions :
_binterpretations of twentieth-century American history /
_cedited by Jean Christie and Leonard Dinnerstein.
260 _aNew York :
_bPraeger,
_c1975.
300 _axi, 371 p. ;
_c25 cm.
504 _aIncludes bibliographies.
651 0 _aUnited States
_xHistory
_y20th century.
_984185
651 0 _aUnited States
_xPolitics and government
_y20th century.
_99003
651 0 _aUnited States
_xForeign relations
_y20th century.
_96485
700 1 _aChristie, Jean,
_d1912-
_984186
700 1 _aDinnerstein, Leonard,
_ejoint comp.
_984187
942 _2ddc
_cBK
999 _c27403
_d27403